[Event "Solingen"]
[Site "Solingen"]
[Date "1986.??.??"]
[Round "?"]
[White "Westerinen, Heikki MJ"]
[Black "Brunner, Lucas"]
[Result "1/2-1/2"]
[WhiteElo "2410"]
[BlackElo "2395"]

1.e4 e6 2.d4 d5 3.Nd2 a6 4.Ngf3 c5 5.dxc5 Bxc5 6.Bd3 Nc6 7.O-O Nf6 8.Qe2 Qc7
9.c3 O-O 10.e5 Ng4 11.Bxh7+ Kxh7 12.Ng5+ Kg8 13.Qxg4 Qxe5 14.Nb3 Be7 15.f4 Qf5
16.Qxf5 exf5 17.Nf3 Be6 18.Be3 Rfe8 19.Bc5 Bf6 20.Rfe1 Rac8 21.Bb6 Nb8 22.Bd4 Be7
23.Re3 Bd6 24.Be5 Bf8 25.Rae1 Nc6 26.Bd4 Bd6 27.g3 Bd7 28.Bb6 f6 29.Bc5 Bc7
30.Nbd4 Re4 31.Nd2 Rxe3 32.Rxe3 b6 33.Nxc6 Bxc6 34.Bd4 Kf7 35.Nf3 Re8  1/2-1/2

[Event "Solingen"]
[Site "Solingen"]
[Date "1986.??.??"]
[Round "?"]
[White "Borngaesser, Rene"]
[Black "Brunner, Lucas"]
[Result "0-1"]
[WhiteElo "2360"]
[BlackElo "2395"]

1.e4 e6 2.d4 d5 3.Nd2 a6 4.Ngf3 c5 5.dxc5 Bxc5 6.exd5 exd5 7.Nb3 Ba7 8.Bg5 Nf6
9.Qe2+ Be6 10.Nfd4 Qe7 11.O-O-O O-O 12.Nf5 Qd8 13.Nbd4 Re8 14.Qf3 Nbd7 15.Bd3 Bxd4
16.Nxd4 Bg4 17.Qxg4 Nxg4 18.Bxd8 Raxd8 19.Rd2 Nc5 20.h3 Ne5 21.Kd1 g6 22.Nb3 Nexd3
23.cxd3 Nxb3 24.axb3 Rd6 25.d4 Rb6 26.Rd3 Rbe6 27.h4 h5 28.Rd2 Kg7 29.Kc2 Rb6
30.Rh3 Re4 31.Rdd3 a5 32.Rh1 Re2+ 33.Rd2 Rxd2+ 34.Kxd2 Rxb3 35.Kc2 Rb6 36.Ra1 Rc6+
37.Kd3 b6 38.Re1 Kf8 39.Re5 Rd6 40.f4 f6 41.Re1 Rc6 42.f5 Kf7 43.fxg6+ Kxg6
44.Re8 Rd6 45.Ke3 Kf5 46.Kf3 Rc6 47.Rb8 Rc4 48.Rxb6 Rxd4 49.Rb5 a4 50.Ke3 Ke5
51.g3 Rc4 52.Rb8 Rc2 53.Rh8 Rxb2 54.Rxh5+ Ke6 55.Rh8 Rb3+ 56.Kf4 Rb4+ 57.Ke3 Ke5
58.Re8+ Kf5 59.Rd8 Rb3+ 60.Kf2 Ke4 61.Re8+ Kf5 62.Ra8 a3 63.Ra4 Ke5 64.h5 Kf5
65.Rd4 a2 66.Ra4 Rb2+ 67.Kf3 Kg5 68.Ra5 f5 69.h6 Kxh6 70.Kf4 d4 71.Ra6+ Kg7  0-1

[Event "Tatran Cup"]
[Site "Stary Smokovec"]
[Date "1986.??.??"]
[Round "?"]
[White "Franzen, Josef"]
[Black "Tibensky, Robert"]
[Result "1/2-1/2"]
[WhiteElo "2350"]
[BlackElo "2380"]

1.e4 e6 2.d4 d5 3.Nd2 Nc6 4.Ngf3 Nf6 5.e5 Nd7 6.Nb3 a5 7.a4 Be7 8.h4 b6 9.Bg5 Ba6
10.Bxa6 Rxa6 11.Bxe7 Qxe7 12.O-O Ra8 13.Re1 O-O 14.Re3 Rae8 15.Qe2 f5 16.exf6 Rxf6
17.c3 Nf8 18.Re1 Rf5 19.Nc1 e5 20.Qb5 Qd7 21.dxe5 Ne6 22.Nb3 Rf7 23.Rd1 Rd8
24.Nbd4 Ncxd4 25.cxd4 Qe7 26.Rc3 Rf5 27.Rd2 h6 28.g3 Qf7 29.Ne1 c5 30.dxc5 d4
31.Ra3 bxc5 32.f4 Kh8 33.Nd3 Qc7 34.Qc4 Qc6 35.g4 Rxf4 36.Nxf4 Nxf4 37.Rf2 Qe4
38.Qf1 g5 39.Raf3 Rf8 40.hxg5 hxg5 41.Qa6 Kg7 42.Qa7+ Rf7 43.Qxc5 Nh3+ 44.Kh2  1/2-1/2

[Event "URS-ch U20"]
[Site "Tallinn"]
[Date "1986.??.??"]
[Round "?"]
[White "Kuporosov, Viktor"]
[Black "Glek, Igor V"]
[Result "0-1"]
[WhiteElo "2445"]
[BlackElo "2430"]

1.e4 e6 2.d4 d5 3.Nd2 a6 4.Ngf3 c5 5.exd5 exd5 6.dxc5 Bxc5 7.Nb3 Be7 8.Be2 Nf6
9.O-O Nc6 10.c3 O-O 11.Bf4 Bf5 12.Nfd4 Be4 13.Qd2 Re8 14.Rad1 Bf8 15.Rfe1 h6
16.Nc2 Qb6 17.Be3 Qc7 18.Bf4 Qd7 19.Ne3 Rad8 20.a3 Qc8 21.Qc1 Ne5 22.Bxe5 Rxe5
23.c4 Re7 24.cxd5 Rc7 25.Qa1 Nxd5 26.Nxd5 Rxd5 27.Rxd5 Bxd5 28.Qd1 Rd7 29.Qc1 Qd8
30.Na1 Qb6 31.Nc2 Rc7 32.Bd3 Qf6 33.Qb1 g6 34.Ne3 Bc6 35.Bc4 Rd7 36.Qc2 h5
37.h3 Kg7 38.Re2 Bc5 39.Rd2 Bd4 40.Qd1 Bxe3 41.fxe3 Qxb2 42.Rxb2 Rxd1+ 43.Kf2 Rc1
44.Be2 b5 45.Bf3 Be8 46.Rd2 a5 47.Rd8 Kf8 48.Ra8 a4  0-1

[Event "URS-ch U20"]
[Site "Tallinn"]
[Date "1986.??.??"]
[Round "?"]
[White "Kuporosov, Viktor"]
[Black "Dokhoian, Yury"]
[Result "1/2-1/2"]
[WhiteElo "2445"]
[BlackElo "2365"]

1.e4 e6 2.d4 d5 3.Nd2 a6 4.Ngf3 c5 5.exd5 exd5 6.dxc5 Bxc5 7.Nb3 Be7 8.Be2 Nf6
9.Nfd4 Nc6 10.O-O Ne5 11.c3 O-O 12.Qc2 Re8 13.Bg5 h6 14.Bh4 Bg4 15.Rad1 Bxe2
16.Nxe2 Ng6 17.Bxf6 Bxf6 18.Ng3 Nf4 19.Nc1 Rc8 20.Qf5 Rc4 21.Rfe1 Rxe1+ 22.Rxe1 g6
23.Qc2 b5 24.Nd3 h5 25.Nxf4 Rxf4 26.Qd2 Ra4 27.b3 Bg5 28.Qc2 Rf4 29.Rd1 Qb6
30.Rd3 Qe6 31.Qe2 Qb6 32.Rf3 Qc7 33.Qd3 h4 34.Nf1 Rxf3 35.Qxf3 Qe5 36.Qd3 Kg7
37.g3 Bf6 38.Ne3 hxg3 39.hxg3 d4  1/2-1/2

[Event "Tallinn (Women)"]
[Site "Tallinn"]
[Date "1986.??.??"]
[Round "2"]
[White "Kinsigo, Mari"]
[Black "Ehrke, Anja"]
[Result "1-0"]
[WhiteElo "2100"]
[BlackElo "1985"]

1.e4 e6 2.d4 d5 3.Nd2 Nc6 4.Ngf3 Nf6 5.e5 Nd7 6.Nb3 a5 7.a4 b6 8.Bb5 Na7
9.Be2 c5 10.c4 dxc4 11.Bxc4 cxd4 12.O-O Qc7 13.Qe2 Nc6 14.Bf4 Bc5 15.Rfd1 Qa7
16.Bb5 Ne7 17.Nfxd4 Nd5 18.Bg3 O-O 19.Bc6 Ba6 20.Nb5 Rad8 21.Bh4 Bxb5 22.Qxb5 f6
23.exf6 N7xf6 24.Nxc5 bxc5 25.Rdc1 Rb8 26.Qxc5 Qxc5 27.Rxc5 Rfc8 28.Rb5 Nb4
29.Rxb8 Rxb8 30.Bb5 Rd8 31.Bc4 Kf7 32.Re1 Nbd5 33.f3 Nf4 34.g3 N4d5 35.f4 Rc8
36.b3 g6 37.Bg5 Rc5 38.h3 h5 39.Kf2 Rc8 40.Kf3 Rc5 41.g4 Nc7 42.Bh4 Nfd5
43.Bf2 Rc6 44.Re5 hxg4+ 45.hxg4 Rd6 46.Be1 Nb6 47.Be2 Ncd5 48.Bxa5 Nd7 49.Rg5 Kf6
50.Bd8+ Kf7 51.Bc4 Nc5 52.Ba5 Nb7 53.Be1 Kf6 54.Re5 Nc5 55.a5 Nd7 56.Re2 Nb8
57.Ra2 Na6 58.Rd2 Nab4 59.Bf2 Rc6 60.Bd4+ Ke7 61.Rh2 Nc7 62.Rh7+ Kf8 63.Rg7  1-0

[Event "Agzamov mem"]
[Site "Tashkent"]
[Date "1986.??.??"]
[Round "9"]
[White "Panchenko, Alexander N"]
[Black "Epishin, Vladimir"]
[Result "1-0"]
[WhiteElo "2435"]
[BlackElo "2370"]

1.e4 e6 2.d4 d5 3.Nd2 a6 4.Ngf3 c5 5.dxc5 Bxc5 6.Bd3 Ne7 7.O-O Nbc6 8.a3 O-O
9.c4 dxc4 10.Bxc4 Ng6 11.b4 Ba7 12.Bb2 b5 13.Ba2 Bb7 14.Nb3 Nf4 15.g3 Nd3
16.Bc3 f5 17.exf5 Rxf5 18.Na5 Rxf3 19.Qxf3 Nxa5 20.Bxe6+ Kh8 21.Qf7 Qf8 22.Rad1 Be4
23.bxa5 Qxf7 24.Bxf7 Rf8 25.Rxd3 Bxd3 26.Rd1 Bxf2+ 27.Kxf2 Bc4 28.Ke3 Bxf7
29.Rd6 Ra8 30.Kd4 Kg8 31.Kc5 h5 32.Kb6 Rc8 33.Bb4 Rc2 34.Kxa6 Rxh2 35.Kb6 h4
36.a6 Bh5 37.a7 Bf3 38.Rc6  1-0

[Event "Wuppertal"]
[Site "Wuppertal"]
[Date "1986.??.??"]
[Round "?"]
[White "Westerinen, Heikki MJ"]
[Black "Johansen, Darryl K"]
[Result "1/2-1/2"]
[WhiteElo "2410"]
[BlackElo "2440"]

1.e4 e6 2.d4 d5 3.Nd2 Nc6 4.Ngf3 Nf6 5.e5 Nd7 6.b3 f6 7.Bb2 Be7 8.a3 O-O
9.Bd3 fxe5 10.Nxe5 Ncxe5 11.dxe5 Nc5 12.Be2 b6 13.O-O Ba6 14.Bxa6 Nxa6 15.Qg4 Qd7
16.Rad1 c6 17.Ne4 Kh8 18.Nd6 Nc5 19.Rfe1 Bxd6 20.exd6 Rae8 21.Re2 Kg8 22.f3 Nb7
23.Rde1 Nd8 24.c4 Rf7 25.Be5 Nb7 26.Bb2 Nc5 27.Re3 dxc4 28.Qxc4 Qxd6 29.b4 Na4
30.Ba1 b5 31.Qg4 c5 32.Rxe6 Rxe6 33.Rxe6 Qd1+ 34.Kf2 Qd7 35.Qe4 c4 36.Re8+ Rf8
37.Re7 Qd2+ 38.Kg3 c3 39.Qe5 Qh6 40.Rxa7 Qg6+ 41.Kh3  1/2-1/2

[Event "OHRA-B"]
[Site "Amsterdam"]
[Date "1987.??.??"]
[Round "9"]
[White "Marinkovic, Ivan"]
[Black "Beulen, Marcel"]
[Result "1-0"]
[WhiteElo "2420"]
[BlackElo "2560"]

1.e4 e6 2.d4 d5 3.Nd2 a6 4.Ngf3 c5 5.dxc5 Bxc5 6.Bd3 Ne7 7.a3 Ng6 8.O-O Nf4
9.Nb3 Nxd3 10.Qxd3 Be7 11.exd5 Qxd5 12.Qxd5 exd5 13.Re1 Nc6 14.Nfd4 Nxd4
15.Nxd4 f6 16.Bd2 Kf7 17.Bb4 Bd8 18.Re3 Re8 19.Rxe8 Kxe8 20.Rd1 Bb6 21.Re1+ Kf7
22.Re7+ Kg6 23.Ne2 Bd8 24.Re8 Bd7 25.Rf8 Rc8 26.Nf4+ Kg5 27.Nxd5 Be6 28.Nc3 Kh6
29.h3 g5 30.Re8 Bf7 31.Re2 Kg7 32.Rd2 Be6 33.Ne4 Bf5 34.Nd6 Rxc2 35.Nxf5+  1-0

[Event "EU-ch U18"]
[Site "Arnhem"]
[Date "1987.??.??"]
[Round "7"]
[White "Damaso, Rui"]
[Black "Thorhallsson, Throstur"]
[Result "1/2-1/2"]
[WhiteElo "2320"]
[BlackElo "2345"]

1.e4 e6 2.d4 d5 3.Nd2 Nc6 4.Ngf3 Nf6 5.e5 Nd7 6.Bb5 Ncb8 7.O-O c5 8.c3 a6
9.Bd3 Nc6 10.Re1 Qb6 11.dxc5 Bxc5 12.Qe2 f6 13.exf6 Nxf6 14.Nb3 Bd6 15.Be3 Qc7
16.Bc5 O-O 17.Bxd6 Qxd6 18.Nbd4 Bd7 19.Rad1 Rae8 20.Nxc6 Bxc6 21.Ne5 Re7
22.Bb1 Be8 23.Rd4 Nh5 24.g3 g6 25.f4 b5 26.Ng4 Nf6 27.Qe5 Qxe5 28.Nxe5 Rc7
29.Nf3 Bf7 30.Rd2 Nd7 31.Nd4 Re8 32.Rde2 Nc5  1/2-1/2

[Event "EU-ch U18"]
[Site "Arnhem"]
[Date "1987.??.??"]
[Round "11"]
[White "Damaso, Rui"]
[Black "Ivanchuk, Vassily"]
[Result "0-1"]
[WhiteElo "2320"]
[BlackElo "2480"]

1.e4 e6 2.d4 d5 3.Nd2 a6 4.Ngf3 c5 5.exd5 exd5 6.Be2 c4 7.O-O Bd6 8.b3 b5
9.Re1 Ne7 10.a4 Bb7 11.bxc4 bxc4 12.Ba3 Bxa3 13.Rxa3 Nbc6 14.Nxc4 dxc4 15.Bxc4 O-O
16.Ng5 Qd6 17.Rf3 Nd8 18.Qd3 Qg6 19.Rxe7 Qxg5 20.Qe3 Qxe3 21.Rfxe3 Rc8 22.Bb3 Ba8
23.d5 Nb7 24.h3 Rfd8 25.c4 Kf8 26.f4 Nd6 27.Ra7 Bb7 28.Rc3 Rc5  0-1

[Event "FRG-ch"]
[Site "Bad Neuenahr"]
[Date "1987.??.??"]
[Round "?"]
[White "Schoenthier, Frank"]
[Black "Borngaesser, Rene"]
[Result "1-0"]
[WhiteElo "2315"]
[BlackElo "2370"]

1.e4 e6 2.d4 d5 3.Nd2 Nc6 4.c3 dxe4 5.Nxe4 Nf6 6.Bg5 Be7 7.Bxf6 Bxf6 8.Nf3 O-O
9.Bb5 Bd7 10.O-O Be8 11.Re1 Be7 12.Qe2 a6 13.Bc4 Bd6 14.Rad1 Ne7 15.Bb3 Ng6
16.g3 b6 17.h4 h6 18.Bc2 Bd7 19.h5 Ne7 20.Qd3 f5 21.Nxd6 cxd6 22.Bb3 Nd5
23.Bxd5 exd5 24.Nh4 f4 25.Ng6 Bf5 26.Ne7+ Qxe7 27.Rxe7 Bxd3 28.Rxd3 Rae8
29.Rxe8 Rxe8 30.Rf3 fxg3 31.fxg3 Re2 32.Rf2 Rxf2 33.Kxf2 Kf7 34.Kf3 Ke6 35.Kg4 Kf6
36.Kf4 Ke6 37.g4 Kf6 38.g5+ Ke6 39.Kg4 b5 40.b4 Ke7 41.Kf5 Kf7 42.gxh6 gxh6
43.a3  1-0

[Event "Wch U20"]
[Site "Baguio"]
[Date "1987.??.??"]
[Round "?"]
[White "Thorhallsson, Throstur"]
[Black "Klinger, Josef"]
[Result "0-1"]
[WhiteElo "2345"]
[BlackElo "2490"]

1.e4 e6 2.d4 d5 3.Nd2 Nc6 4.c3 e5 5.exd5 Qxd5 6.Ngf3 exd4 7.Bc4 Qh5 8.cxd4 Be6
9.Qb3 O-O-O 10.O-O Bxc4 11.Nxc4 Nf6 12.Bf4 Nxd4 13.Nxd4 Rxd4 14.Bg3 Ne4 15.Rac1 Nxg3
16.Qxg3 Kb8 17.Rfe1 Rd8 18.h3 Bb4 19.Re5 Qh6 20.Rc2 Rhe8 21.Qd3 Qf6 22.Rxe8 Rxe8
23.Ne3 Bd6 24.Rc3 Qf4 25.Kf1 Qe4 26.Qd1 a6 27.a3 c5 28.Qd2  0-1

[Event "Belgrade (Women)"]
[Site "Belgrade"]
[Date "1987.??.??"]
[Round "6"]
[White "Konarkowska Sokolov, Henrijeta"]
[Black "Maric, Mirjana"]
[Result "0-1"]
[WhiteElo "2135"]
[BlackElo "2165"]

1.e4 e6 2.d4 d5 3.Nd2 a6 4.Ngf3 c5 5.exd5 exd5 6.Be2 c4 7.O-O Bd6 8.b3 b5
9.c3 Ne7 10.a4 Bb7 11.Ba3 O-O 12.Bxd6 Qxd6 13.axb5 axb5 14.Rxa8 Bxa8 15.b4 Nd7
16.Qc2 Ng6 17.Ra1 Nb6 18.Bf1 Bc6 19.Qf5 Bd7 20.Qc2 Na4 21.Re1 f6 22.Nb1 Ne7
23.Na3 Ra8 24.Qc1 Ng6 25.Re3 Ne7 26.Re1 Nf5 27.g3 Qa6 28.Nb1 Nd6 29.Nfd2 Bf5
30.Bg2 Qc6 31.Na3 Nb6 32.Nc2 Be4 33.Nxe4 Nxe4 34.Ne3 Re8 35.Nd1 g6 36.f3 Nd6
37.Rxe8+ Qxe8 38.Qe3 Qxe3+ 39.Nxe3 Nf5 40.Nd1 Kf7 41.Kf2 Na4 42.f4 Ne7 43.Ke2 Ke6
44.Kd2 f5 45.Ne3 Nb6 46.Bf3 Ng8 47.Nd1 Nf6 48.Ne3 h6 49.Nd1 Nc8 50.Ke3 Nd6
51.Nf2 Nde4 52.Nd1 Ng4+ 53.Bxg4 fxg4 54.Ke2 h5 55.Kf1 Nd2+ 56.Ke2 Ne4 57.Kf1 g5
58.fxg5 Nxg5 59.Ke2 Ne4 60.Ke1 Kf6 61.Kf1 Kg5 62.Kg1 h4 63.gxh4+ Kxh4 64.Kg2 Kh5
65.Kg1 Kg6 66.Kg2 Kh6 67.Kg1 Kh5 68.Kf1 Kg5 69.Kg1 Kf4 70.Kg2 Ng5 71.Kf2 Ke4
72.Ke2 Nh3 73.Ne3 Nf4+ 74.Kf2 Kd3 75.Nxg4 Kxc3 76.Kf3 Ne6 77.h4 Nxd4+ 78.Kf4 Kd3
79.h5 c3  0-1

[Event "Coimbatore"]
[Site "Coimbatore"]
[Date "1987.??.??"]
[Round "?"]
[White "Mithrakanth, Poorna Sharma"]
[Black "Sahu, Sekhar Chandra"]
[Result "1-0"]
[WhiteElo "2310"]
[BlackElo "2380"]

1.e4 e6 2.d4 d5 3.Nd2 a6 4.Ngf3 c5 5.exd5 exd5 6.dxc5 Bxc5 7.Bd3 Qe7+ 8.Qe2 Qxe2+
9.Bxe2 Nc6 10.O-O Nge7 11.Nb3 Bb6 12.c3 Bg4 13.h3 Bh5 14.Re1 O-O-O 15.Bf4 f6
16.Nfd4 Bxe2 17.Rxe2 Nxd4 18.Nxd4 Ng6 19.Be3 Bxd4 20.Bxd4 Rhe8 21.Rae1 Rxe2
22.Rxe2 Kd7 23.g3 h5 24.f4 Re8 25.Rxe8 Kxe8 26.Kg2 Kf7 27.Kf3 Ne7 28.g4 hxg4+
29.hxg4 g6 30.Bc5 Nc6 31.Ke3 Ke6 32.Kd3 g5 33.f5+ Ke5 34.Ke3 b6 35.Bxb6 Kd6
36.Bd4 Ke7 37.b4 Nb8 38.Bc5+ Kd7 39.Ba7 Nc6 40.Bd4 Ke7 41.a4 Nb8 42.Bc5+ Kd7
43.Ba7 Nc6 44.Bd4 Ke7 45.a5 Nb8 46.Ba7 Nd7 47.Bc5+ Kd8 48.Bd6 Ne5 49.Bxe5 fxe5  1-0

[Event "DEN-ch"]
[Site "?"]
[Date "1987.??.??"]
[Round "?"]
[White "Kristensen, Bjarke"]
[Black "Danielsen, Henrik"]
[Result "1-0"]
[WhiteElo "2385"]
[BlackElo "2405"]

1.e4 e6 2.d4 d5 3.Nd2 a6 4.Ngf3 c5 5.c3 Nc6 6.Bd3 cxd4 7.cxd4 dxe4 8.Nxe4 Be7
9.O-O Nf6 10.a3 O-O 11.Bc2 Bd7 12.Qd3 Nxe4 13.Qxe4 g6 14.Bh6 Re8 15.h4 Qa5
16.Qf4 Red8 17.Rfe1 Be8 18.Bg5 Rac8 19.Bxe7 Nxe7 20.Re5 Nd5 21.Qh6 f6 22.Re2 Qc7
23.Bb3 Bf7 24.g3 Qd6 25.Rae1 Rc7 26.Nh2 Qb6 27.Bxd5 Rxd5 28.Ng4 Rf5 29.d5 e5
30.Qe3 Qxe3 31.Nxe3 Rh5 32.d6 Rd7 33.Rd2 Be6 34.Rc1 e4 35.b4 Rb5 36.Rc7 Kf8
37.Rd4 f5 38.Nd5 Rxd6 39.Nf4 Rbb6 40.Nxe6+ Rxe6 41.Rxh7 Ke8 42.Rdd7 e3 43.Rdg7 Kf8
44.Rc7 Kg8 45.Rhg7+ Kf8 46.Rh7 Kg8 47.Rhd7 Re8 48.fxe3 Rbe6 49.Rg7+ Kh8 50.Rh7+ Kg8
51.Rcg7+ Kf8 52.Rxb7 Rxe3 53.Rh8+  1-0

[Event "FIN-chT"]
[Site "?"]
[Date "1987.??.??"]
[Round "?"]
[White "Kujala, Auvo"]
[Black "Raaste, Eero J"]
[Result "1-0"]
[WhiteElo "2285"]
[BlackElo "2370"]

1.e4 e6 2.d4 d5 3.Nd2 a6 4.Ngf3 c5 5.dxc5 Bxc5 6.Bd3 Nf6 7.O-O Nc6 8.c3 O-O
9.Qe2 Re8 10.e5 Nd7 11.Nb3 Be7 12.Nbd4 Nf8 13.Bf4 f5 14.exf6 Bxf6 15.Ne5 Nxe5
16.Bxe5 Bxe5 17.Qxe5 Qf6 18.Rae1 Bd7 19.f4 Rad8 20.Rf3 Bc8 21.Rg3 Qxe5 22.Rxe5 g6
23.h4 Nd7 24.Rxe6 Nc5 25.Rxe8+ Rxe8 26.Kf2 Kf7 27.Re3 Rxe3 28.Kxe3 Na4 29.c4 Nxb2
30.cxd5 Na4 31.Nf3 Nc3 32.Bc4 b5 33.Kd4 Na4 34.Bb3 Nb6 35.d6+ Ke8 36.Ne5 Bf5
37.Kc5 Nd7+ 38.Kc6 Be4+ 39.Kc7 Bf5 40.g4 Nxe5 41.fxe5 Bxg4 42.e6  1-0

[Event "Bundesliga 8687"]
[Site "Germany"]
[Date "1987.??.??"]
[Round "?"]
[White "Rostalski, Walter"]
[Black "Wolf, Volker"]
[Result "0-1"]
[WhiteElo "2265"]
[BlackElo "2315"]

1.e4 e6 2.d4 d5 3.Nd2 Be7 4.Ngf3 Nf6 5.Bd3 c5 6.e5 Nfd7 7.c3 Nc6 8.O-O cxd4
9.cxd4 Nb6 10.Re1 Bd7 11.Nf1 Rc8 12.Ne3 a6 13.b3 Nb4 14.Bb1 a5 15.a4 Na8
16.Bb2 Nc7 17.Nd2 b5 18.f4 bxa4 19.bxa4 g6 20.g4 Na8 21.f5 gxf5 22.gxf5 Nb6
23.fxe6 Bxe6 24.Nf5 Nc4 25.Ng7+ Kd7 26.Nxc4 Rxc4 27.Nxe6 fxe6 28.Kh1 Qc8
29.Bd3 Nxd3 30.Qxd3 Bb4 31.Rg1 Kc6 32.Ba3 Qb7 33.Rgc1 Rg8 34.Bxb4 axb4 35.Rab1 Rg6
36.Rxc4+ dxc4 37.Qe4+ Kc7 38.Qxb7+ Kxb7 39.Rxb4+ Kc6 40.Rxc4+ Kd5 41.Rb4 Rg8
42.a5 Ra8 43.Ra4 Kc6 44.Kg2 Kb5 45.Ra1 Kc4 46.Rd1 Rxa5 47.Kf3 Kd5 48.Ke3 Ra2
49.h4 Rh2 50.Rd3 Rxh4 51.Rd1 Re4+ 52.Kf3 h5 53.Ra1 Rxd4 54.Ra5+ Kc6 55.Ke3 Rd5
56.Ra6+ Kd7 57.Ke4 Rb5 58.Ra7+ Kc6 59.Rh7 Rb4+ 60.Ke3 h4 61.Rh5 Kd5 62.Kf3 Re4
63.Kf2 Rf4+ 64.Ke3 Rc4 65.Kf3 Ra4 66.Kf2 Ra2+ 67.Kf3 h3 68.Kf4 h2 69.Rh8 Kd4
70.Rd8+ Kc3 71.Rh8 Kd3 72.Kf3 Kd4 73.Kf4 Rf2+ 74.Kg3 Ke3 75.Rh7 Ra2 76.Rh4 Rb2
77.Rh5 Ke4  0-1

[Event "Graz op"]
[Site "Graz"]
[Date "1987.??.??"]
[Round "7"]
[White "Radulov, Ivan"]
[Black "Klinger, Josef"]
[Result "0-1"]
[WhiteElo "2435"]
[BlackElo "2490"]

1.e4 e6 2.d4 d5 3.Nd2 Nc6 4.Ngf3 Nf6 5.e5 Nd7 6.Be2 Be7 7.O-O f6 8.exf6 Bxf6
9.c3 O-O 10.Re1 e5 11.Qb3 Nb6 12.dxe5 Nxe5 13.Nxe5 Bxe5 14.Nf3 Bd6 15.a4 c6
16.Be3 Qc7 17.h3 Qf7 18.Bd3 Qh5 19.Ng5 h6 20.Ne4 Bc7 21.Ng3 Qh4 22.Bc5 Bxg3
23.fxg3 Qxg3 24.Re3 Qf2+ 25.Kh1 Nd7 26.Bd4 Qh4 27.Re4 Rf4 28.Rxf4 Qxf4 29.Rf1 Qh4
30.Qd1 Nf8 31.Qe2 Bd7 32.Qe5 Qg5 33.Qc7 Qd8 34.Qe5 Qg5 35.Qc7 Re8 36.Qxb7 Qd2
37.Rxf8+ Kxf8 38.Qxd7 Re1+ 39.Bg1 Qxd3 40.Qc8+ Kf7 41.Qc7+ Kg8 42.Kh2 Re2
43.Qxa7 Qf3 44.Qb8+ Kh7 45.Qg3 Qxg3+ 46.Kxg3 Rxb2 47.a5 Rb3 48.Kf4 Rxc3 49.a6 Ra3
50.a7 Kg6 51.Ke5 Ra6 52.Bb6 Kf7 53.h4 h5 54.Bc5 Ke8 55.Kf5 Kd7 56.Kg5 g6
57.Kxg6 d4 58.Bxd4 c5+ 59.Bf6 Ke6 60.Bg5 Rxa7 61.Kxh5 Kf7 62.Kg4 c4 63.Kf3 Ra2
64.g4 c3 65.Ke3 Rd2 66.h5 Rd1  0-1

[Event "Jakarta zt"]
[Site "Jakarta"]
[Date "1987.??.??"]
[Round "?"]
[White "Torre, Eugenio"]
[Black "Johansen, Darryl K"]
[Result "1-0"]
[WhiteElo "2540"]
[BlackElo "2410"]

1.e4 e6 2.d4 d5 3.Nd2 Nc6 4.Ngf3 Nf6 5.e5 Nd7 6.c3 f6 7.Bb5 fxe5 8.dxe5 Be7
9.O-O O-O 10.Re1 Qe8 11.Nf1 Nc5 12.Ng3 a6 13.Bf1 a5 14.b3 b6 15.Nd4 Ba6 16.Bxa6 Rxa6
17.Qg4 Qf7 18.f4 Nxd4 19.cxd4 Nd7 20.Rf1 b5 21.f5 exf5 22.Nxf5 Rg6 23.Qe2 Qe6
24.Nxe7+ Qxe7 25.Qxb5 Rxf1+ 26.Qxf1 c5 27.Ba3 Qh4 28.Bxc5 Nxc5 29.dxc5 Qd4+
30.Kh1 Qxe5 31.Rd1 h6 32.Qd3 Rf6 33.h3 d4 34.Qc4+ Kh8 35.c6 Qc7 36.Qxd4 Qxc6
37.Qd8+ Kh7 38.Qxa5 Rf2 39.Qd5 Qxd5 40.Rxd5 Rxa2 41.Kh2 Rb2 42.Rd3 h5 43.h4 g5
44.hxg5 Kg6 45.Kh3 Kxg5 46.Rg3+ Kh6 47.Kh4 Rb1 48.Rc3 Rb2 49.Rg3 Rb1 50.Rd3 Rb2
51.g4 hxg4 52.Kxg4 Kg6 53.Kf4 Kf6 54.Ke4 Ke6 55.Kd4 Rc2 56.Rc3 Rd2+ 57.Kc5 Kd7
58.Kb5 Rh2 59.b4 Rh8 60.Ka6  1-0

[Event "Kecskemet"]
[Site "Kecskemet"]
[Date "1987.??.??"]
[Round "?"]
[White "Siklosi, Zoltan"]
[Black "Dietz, Holger"]
[Result "1-0"]
[WhiteElo "2285"]
[BlackElo "2560"]

1.e4 e6 2.d4 d5 3.Nd2 a6 4.Ngf3 Nf6 5.e5 Nfd7 6.c3 c5 7.Bd3 Nc6 8.O-O Qb6
9.Qe2 cxd4 10.cxd4 Nxd4 11.Nxd4 Qxd4 12.Nf3 Qg4 13.h3 Qh5 14.Bg5 Nc5 15.Rac1 Bd7
16.Rfd1 Ba4 17.b3 Bc6 18.b4 Nxd3 19.Qxd3 Be7 20.Bxe7 Kxe7 21.Qa3 Kd7 22.b5 axb5
23.Qd6+ Ke8 24.Rxc6 Rd8 25.Rc7 Rxd6 26.exd6 Kd8 27.Rdc1 Qh6 28.Rc8+ Kd7 29.Ne5+  1-0

[Event "NOR-ch"]
[Site "Kristiansand"]
[Date "1987.??.??"]
[Round "?"]
[White "Jansson, Joran"]
[Black "Ogaard, Leif"]
[Result "1-0"]
[WhiteElo "2270"]
[BlackElo "2435"]

1.e4 e6 2.d4 d5 3.Nd2 a6 4.Bd3 c5 5.dxc5 Bxc5 6.Ngf3 Nc6 7.c3 Nge7 8.O-O O-O
9.Re1 Qc7 10.Qc2 h6 11.h3 Ba7 12.Nf1 dxe4 13.Rxe4 e5 14.Rh4 Qd6 15.Ng5 Ng6
16.Ne4 Qe7 17.Rg4 Bxg4 18.hxg4 Nf4 19.Nfg3 g6 20.Ne2 f5 21.gxf5 Rxf5 22.Bc4+ Kg7
23.N2g3 Rff8 24.Be3 b5 25.Bf1 Bxe3 26.fxe3 Nd5 27.Re1 Rad8 28.c4 Ndb4 29.Qb1 bxc4
30.Bxc4 Na5 31.Bf1 Nd5 32.Qd3 Nb4 33.Qb1 Qa7 34.a3 Nd5 35.Qd3 Nc6 36.Qxa6 Qxa6
37.Bxa6 Rb8 38.b4 Ncxb4 39.axb4 Nxb4 40.Bc4 Rbd8 41.Nc5 Nc2 42.Re2 Rd1+ 43.Kh2 Rc8
44.Ne6+ Kf6 45.Rxc2 Ke7 46.Ne4 Re1 47.N6c5 Rxe3 48.Rf2 Rxe4 49.Rf7+ Kd8 50.Rd7+ Ke8
51.Bf7+ Kf8 52.Ne6+  1-0

[Event "Medellin"]
[Site "Medellin"]
[Date "1987.??.??"]
[Round "?"]
[White "Pazos, Plinio"]
[Black "Juarez Flores, Carlos A"]
[Result "1-0"]
[WhiteElo "2335"]
[BlackElo "2340"]

1.e4 e6 2.d4 d5 3.Nd2 Nc6 4.Ngf3 Nf6 5.e5 Nd7 6.c4 dxc4 7.Nxc4 Nb6 8.a3 Nxc4
9.Bxc4 Be7 10.O-O O-O 11.Be3 b6 12.Rc1 Bb7 13.Bd3 Rc8 14.Qc2 g6 15.Be4 Na5
16.b4 c5 17.dxc5 Nc6 18.Rfd1 Qe8 19.Bh6 bxc5 20.bxc5 Na5 21.Bxb7 Nxb7 22.Bxf8 Kxf8
23.c6 Nc5 24.Nd4 a6 25.Qe2 Kg7 26.g3 Rd8 27.Qf3 Rc8 28.Rc4 Rc7 29.Rdc1 Qd8
30.Qe3 Qd5 31.Rxc5  1-0

[Event "Medellin"]
[Site "Medellin"]
[Date "1987.??.??"]
[Round "?"]
[White "Juarez Flores, Carlos A"]
[Black "Agudelo, Antonio"]
[Result "1-0"]
[WhiteElo "2340"]
[BlackElo "2340"]

1.e4 e6 2.d4 d5 3.Nd2 Be7 4.e5 c5 5.c3 Nc6 6.Ndf3 cxd4 7.cxd4 Qa5+ 8.Bd2 Qb6
9.Bc3 Bd7 10.Bd3 a5 11.a3 a4 12.Bc2 Qa6 13.Ne2 b5 14.O-O Na5 15.Nf4 Nc4 16.Nd3 Rc8
17.Bb4 Bxb4 18.axb4 Qb6 19.Ra2 Ne7 20.Nc5 Rc7 21.Ng5 Nc6 22.Qh5 g6 23.Qh6 Ne7
24.Qg7 Rg8 25.Qxf7+ Kd8 26.Ngxe6+ Bxe6 27.Nxe6+ Kd7 28.Nxc7 Qxc7 29.b3 Nd2
30.Rc1 Ne4 31.Raa1 Rc8 32.bxa4 Nc3 33.Bd3 bxa4 34.Bb5+ Nxb5 35.e6+ Kd6 36.Qf4+ Kxe6
37.Rxc7 Rxc7 38.Re1+ Kd7 39.Qf7 Kc8 40.Qe8+  1-0

[Event "Munich zt"]
[Site "Munich"]
[Date "1987.??.??"]
[Round "?"]
[White "Shvidler, Eliahu"]
[Black "Birnboim, Nathan"]
[Result "1/2-1/2"]
[WhiteElo "2450"]
[BlackElo "2465"]

1.e4 e6 2.d4 d5 3.Nd2 Nc6 4.Ngf3 Nf6 5.e5 Nd7 6.Nb3 b6 7.Bf4 Ncb8 8.Rc1 Be7
9.h4 Ba6 10.h5 Qc8 11.Nbd2 Bxf1 12.Nxf1 Qa6 13.Ne3 Nc6 14.a3 Na5 15.Qe2 Qxe2+
16.Kxe2 b5 17.b4 Nc6 18.a4 a6 19.Ra1 bxa4 20.c4 dxc4 21.d5 Nxb4 22.d6 cxd6
23.exd6 Nd3 24.Bg3 Bf6 25.Rxa4 Nb6 26.Ra3 O-O 27.Rb1 Nd5 28.Nxc4 N3f4+ 29.Bxf4 Nxf4+
30.Kf1 Rfd8 31.Nfd2 Kf8 32.Rb6 Nxh5 33.g3 Bd4 34.Rbxa6 Rac8 35.Rd3 e5 36.Ra5 Nf6
37.f4 Ne4 38.fxe5 Nxd2+ 39.Nxd2 Rc1+ 40.Ke2 Bc3 41.Rb5 Rc2 42.Rbd5 Ke8 43.Kd1 Rxd2+
44.Rxd2 Bxd2 45.Kxd2 Kd7 46.Ke3 Ke6 47.Kd4 Ra8 48.Ke4 h5 49.Rc5 g5 50.Rd5 Ra4+
51.Rd4 Ra7 52.Rd3 Ra4+ 53.Rd4 f5+ 54.exf6 Rxd4+ 55.Kxd4 Kxd6 56.Ke4 Ke6 57.f7 Kxf7  1/2-1/2

[Event "Munich zt"]
[Site "Munich"]
[Date "1987.??.??"]
[Round "?"]
[White "Greenfeld, Alon"]
[Black "Hug, Werner"]
[Result "1/2-1/2"]
[WhiteElo "2515"]
[BlackElo "2430"]

1.e4 e6 2.d4 d5 3.Nd2 Nc6 4.c3 e5 5.exd5 Qxd5 6.Ngf3 exd4 7.Bc4 Qh5 8.cxd4 Be6
9.O-O O-O-O 10.Be2 Qd5 11.Nb3 Nge7 12.Be3 Nf5 13.Rc1 Be7 14.Bc4 Nxe3 15.fxe3 Qe4
16.Qe2 Bxc4 17.Rxc4 Rhe8 18.Nbd2 Qd5 19.e4 Qb5 20.Qf2 Bb4 21.Rfc1 Kb8 22.d5 Bxd2
23.Qxd2 f5 24.Rxc6 bxc6 25.Nd4 Qb6 26.Rxc6 Qb7 27.Rc3 Ka8 28.Rb3 Qa6 29.Ra3 Qb6
30.Rb3 Qa6 31.Ra3  1/2-1/2

[Event "Munich zt"]
[Site "Munich"]
[Date "1987.??.??"]
[Round "?"]
[White "Gruenfeld, Yehuda"]
[Black "Hug, Werner"]
[Result "1-0"]
[WhiteElo "2540"]
[BlackElo "2430"]

1.e4 e6 2.d4 d5 3.Nd2 Nc6 4.Ngf3 Nf6 5.e5 Nd7 6.Nb3 Be7 7.Bb5 O-O 8.O-O Ncb8
9.Bf4 b6 10.Qe2 a5 11.a4 Ba6 12.c4 c6 13.cxd5 exd5 14.Bxa6 Nxa6 15.e6 fxe6
16.Qxe6+ Kh8 17.Be5 Nb4 18.Rae1 Bf6 19.Bd6 Re8 20.Qf5 Nf8 21.Ne5 Bxe5 22.Bxe5 Qd7
23.Qb1 Ng6 24.Nd2 c5 25.b3 Nc6 26.Nf3 cxd4 27.Bg3 Nge7 28.Qd3 h6 29.h3 Nb4
30.Qd2 Nec6 31.Be5 Kg8 32.Bxd4 Nxd4 33.Nxd4 Rxe1 34.Rxe1 Re8 35.Rd1 Qe7 36.Nf5 Qe6
37.Ne3 Qf7 38.Qd4 Re6 39.Kf1 Kh8 40.Re1  1-0

[Event "URS-ch otbor"]
[Site "Norilsk"]
[Date "1987.??.??"]
[Round "?"]
[White "Malisauskas, Vidmantas"]
[Black "Naumkin, Igor"]
[Result "1-0"]
[WhiteElo "2325"]
[BlackElo "2470"]

1.e4 e6 2.d4 d5 3.Nd2 Nc6 4.Ngf3 Nf6 5.e5 Nd7 6.c4 dxc4 7.Nxc4 Nb6 8.a3 Be7
9.Nxb6 axb6 10.Be3 Bd7 11.Bd3 Na7 12.Qe2 Bc6 13.O-O Qd7 14.Nd2 Nb5 15.Nf3 Ra4
16.Rfd1 O-O 17.Qc2 Bxf3 18.Qxa4 Bxd1 19.Rxd1 c6 20.Qb3 Rd8 21.h3 g6 22.Bc4 Nc7
23.Qxb6 Nd5 24.Bxd5 exd5 25.Rd3 Qc8 26.b4 Qd7 27.b5 cxb5 28.Rb3 b4 29.axb4 Rc8
30.Ra3 Rc6 31.Ra8+ Kg7 32.Qa5 h5 33.Kh2 f6 34.b5 Rc8 35.Rxc8 Qxc8 36.Qb6 Kf7
37.Bf4 g5 38.Be3 fxe5 39.Qh6 h4 40.Qh5+ Kg7 41.Bxg5 Qf5 42.Bh6+ Kf6 43.Bg7+  1-0